Rozhodujúci článok výsledného úspechu Zo správy Predsedníctva Ústredného výboru SZM o ďalšom zvyšovaní účinnosti práce základných organizácií SZM pri

Bibliographic Details
Format: Article
Language:Slovak
Subjects:

MARC

LEADER 00000nab a2200000 a 4500
001 vtls000009923
003 SK-MaSNL
005 20260305005701.0
008 111103c1978 xo 0 slo
015 |a SNBRB19rr/mm-uuuuu 
035 |a CL0020017 
040 |a SNKBUCL  |b slo  |c SNKBUCL  |e AACR2 
041 0 |a slo 
044 |a xo  |c SK 
080 |a 329.78(437)  |2 1981 
245 0 0 |a Rozhodujúci článok výsledného úspechu  |b Zo správy Predsedníctva Ústredného výboru SZM o ďalšom zvyšovaní účinnosti práce základných organizácií SZM pri 
300 |b Obr. 1. 
610 2 7 |a Socialistický zväz mládeže  |2 snkbucl  |9 51618 
651 7 |a 3100  |2 snkbucl  |9 920766 
655 7 |a články z novín a časopisov  |2 snkbucl  |9 267496 
773 0 |t Smena  |g Roč. 31, č. 253 (26. 10. 1978), s. 4-5 
850 |a Slovenská národná knižnica v Martine  |a MTA001 
852 |a SNK  |b KIS3GCP 
958 |a RK 
992 |a RBX 
999 |c 3241908  |d 3243838